| 000 | 00624nam a22001937a 4500 | ||
|---|---|---|---|
| 999 |
_c180108 _d180108 |
||
| 005 | 20210726114118.0 | ||
| 010 | _aENG-129635 | ||
| 020 |
_a978-93-8999-129-1 _c650.00 |
||
| 035 | _aEN-113167 | ||
| 037 | _bDBAD/PUB | ||
| 082 | _a346.540438 | ||
| 100 | _aMedha Kolhatkar | ||
| 245 |
_aDrafting Pleading And Conveyancing/ _cBy Medha Kolhatkar |
||
| 250 | _a2nd | ||
| 260 |
_aGurgaon _bLexis Nexis _c2020 |
||
| 270 |
_a14th floor, Building No 10, Tower- B, DLF Cyber City, Phase-II, Gurgaon _bHaryana _e122002 _mhelp.in@lexisnexis.com |
||
| 300 |
_a585p; _c24cm(pbk) |
||
| 942 |
_2ddc _cEN _h346.540438 _mKOL |
||